00806nam a2200265 4500003000400000005001700004008004100021040002300062050001600085100001000101245009700111264002800208300001700236336002200253337002400275338002400299650003500323650002900358650003400387650003200421650002600453650002900479942001500508999001700523OSt20260530115319.0260508b2005 |||ao||| |||| 00| 0 eng d aICIbspacICIerda aNK1390bI27 eautor aICSID Interdesign 2005 on sustainable rural transport:bTechonology for the developing world aSur Africa bSABSc2005 a41 páginas 2rdacontentatexto 2rdamediaasin medio 2rdacarrieravolumen 2Diseño industrialvCongresos aDiseño contemporáneo aDiseño internacional934189 aInnovaciones tecnológicas aDiseño de productos aExposiciones de diseño 2lccn1cBK c13717d13717